40 rokov KF 52-51 Nitra 1981-2021

Bibliographic Details
Main Author: Ňaršík, Miroslav, 1948- (Author)
Format: Book
Language:Slovak
PhysicalDescription:245 strán faksimile, fotografie, tabuľky 21 cm
Published: Nitra ZSF KF 52-51 Nitra [2022]
ISBN:9788057039693
Subjects:

MARC

LEADER 00000nam a2200000 4500
001 vtls012144640
003 SK-MaSNL
005 20260301055900.0
008 220725s2021 xo hao gr 000 0 slo
015 |a SNBA2023/02 
020 |a 9788057039693  |q (brožované) 
040 |a SNK  |b slo  |c SNK  |e rda 
041 0 |a slo 
043 |a e-xo--- 
044 |a xo  |c SK 
072 7 |a 656.8  |x Poštové služby a správa  |2 konspekt 
080 |a 656.835.91:061  |2 2011 
080 |a 656.835.91‑055.1  |2 2011 
080 |a (437.6)  |2 2011 
080 |a (048.8)  |2 2011 
100 1 |a Ňaršík, Miroslav,  |d 1948-  |4 aut  |9 62670 
245 1 0 |a 40 rokov KF 52-51 Nitra 1981-2021  |c Miroslav Ňaršík 
246 3 |a Štyridsať rokov KF 52-51 Nitra 1981-2021 
264 1 |a Nitra  |b ZSF KF 52-51 Nitra  |c [2022] 
300 |a 245 strán  |b faksimile, fotografie, tabuľky  |c 21 cm 
336 |a text  |b txt  |2 rdacontent 
336 |a statický obraz  |b sti  |2 rdacontent 
337 |a bez média  |b n  |2 rdamedia 
338 |a zväzok  |b nc  |2 rdacarrier 
366 |e 200 kusov, v 150 kusoch príležitostná tlač 
500 |a Rok vydania podľa NA ISBN 
648 7 |a 1981-2021  |2 SNKPH  |9 370221 
650 0 7 |a kluby filatelistov  |2 SNKPH  |9 59205 
650 0 7 |a filatelisti  |2 SNKPH  |9 31180 
650 0 7 |a Philatelists clubs  |2 SNKPHeng  |9 370222 
650 0 7 |a Stamp collectors  |2 SNKPHeng  |9 370223 
651 7 |a Nitra (Slovensko)  |2 SNKPHgeo  |9 15714 
651 7 |a Nitra (Slovakia)  |2 SNKPHeng  |9 265425 
655 7 |a monografie  |2 SNKPH  |9 70139 
655 7 |a Monographs  |2 SNKPHeng  |9 120675 
710 2 |a Klub filatelistov 52-51 (Nitra, Slovensko)  |4 pbl  |9 370224 
919 |a 978-80-570-3969-3 
954 |a iná literatúra (príručky, kuchárske knihy, hobby literatúra, sprievodcovia) pôvodná (slovenská)  |2 lita 
999 |c 614352  |d 616282 
952 |a SNK  |b SNK  |y PREZ  |7 0  |p 17A1492321  |o snkSC 198345  |i snk2022/11621  |8 0  |0 0  |1 0  |4 0  |d 2022-07-25  |l 0  |r 2025-10-21 00:00:00  |w 2026-02-23 
952 |a SNK  |b SNK  |y VYP  |7 0  |p 17A1492322  |o snkSC 198345 D1  |i snk2022/11622  |8 0  |0 0  |1 0  |4 0  |d 2022-07-25  |l 0  |r 2026-02-23 16:34:14  |w 2026-02-23